| 000 | 01551nam a2200361 i 4500 | ||
|---|---|---|---|
| 001 | 197618 | ||
| 003 | ES-MaACL | ||
| 005 | 20250902220105.0 | ||
| 007 | ta | ||
| 008 | 990526s1998 sp | o||| ||spa | ||
| 016 | 7 |
_abimoBNE19994836191 _2SpMaBN |
|
| 017 |
_aM 33672-1998 _bOficina Depósito Legal Madrid |
||
| 020 | _a8495146029 | ||
| 035 | _a(OCoLC)432782332 | ||
| 035 | _a(SpMaBN)bimo0001230415 | ||
| 035 | _a991050613689708606 | ||
| 040 |
_aSpMaBN _bspa _cSpMaBN _erdc |
||
| 080 | _a624(460)"15"(064.3) | ||
| 245 | 0 | 0 |
_aFelipe II, los ingenios y las máquinas : _bingeniería y obras públicas en la época de Felipe II : Real Jardín Botánico, CSIC, Pabellón Villanueva, 10 septiembre-10 noviembre 1998 |
| 260 |
_aMadrid _bSociedad Estatal para la Conmemoración de los Centenarios de Felipe II y Carlos V _c[1998] |
||
| 300 |
_a486 páginas _bilustraciones _c29 cm |
||
| 336 |
_aTexto _2rdacontent |
||
| 337 |
_asin mediación _2rdamedia |
||
| 338 |
_2rdacarrier _avolumen |
||
| 650 | 0 |
_aIngeniería civil- _zEspaña- _vExposiciones _9237516 |
|
| 710 | 2 |
_aSociedad Estatal para la Conmemoración de los Centenarios de Felipe II y Carlos V _96763 |
|
| 852 |
_aES-MaACL _cDEPO1 _jA-15706 _hDonación: Fernando Codina Rodríguez _xEncuadernación rústica _9206064 |
||
| 903 |
_aCodina Rodríguez, Fernando _ednr _9238631 |
||
| 942 |
_n0 _cMONOGRAFIA |
||
| 999 |
_c197618 _d197618 |
||